F1 Most Consecutive Race Finishes - Statistics

General Stats
  • This quiz has been taken 8 times
  • The average score is 7 of 10
Answer Stats
Finished Races Country Driver % Correct
43 2022 Emilia Romagna – 2024 Saudi Arabian Netherlands Max Verstappen
100%
31 2024 Japanese – 2025 Canadian Netherlands Max Verstappen
100%
34 2020 Styrian – 2021 Mexico City Australia Daniel Ricciardo
83%
48 2018 British – 2020 Bahrain United Kingdom Lewis Hamilton
83%
33 2016 Japanese – 2018 French United Kingdom Lewis Hamilton
83%
37 2024 Dutch – 2026 Japanese (ongoing) United Kingdom George Russell
67%
30 2012 Australian – 2013 Hungarian Finland Kimi Räikkönen
67%
44 2023 Mexico City – 2025 Italian Australia Oscar Piastri
67%
31 2020 Eifel – 2022 Saudi Arabian Spain Carlos Sainz Jr.
50%
33 2007 Chinese – 2009 Italian Germany Nick Heidfeld
17%
No matching quizzes found
Score Distribution
Percent of People with Each Score
Percentile by Number Answered
Your Score History
You have not taken this quiz